000 00551nam a2200193Ia 4500
005 20250326141456.0
008 250326s9999 xx 000 0 und d
020 _a0-07-451885-2
037 _aTextbook
040 _aFMSL
_beng
_cFMSL
041 _aeng
_2eng
084 _aX:8F M5;1
_qFMSL
100 _aChandra Prasanna
245 0 _aManagers guide to fice and accounting
_cChandra Prasanna
260 _aNew Delhi
_bNew Delhi, Tata Mc Graw Hill
_c1985
300 _axii,329
942 _cTB
_hX:8F M5;1
999 _c1290478
_d1290478